[Event "Forchheim op-B 13th"]
[Site "Forchheim"]
[Date "2014.10.04"]
[Round "4"]
[White "Schloetterer, Hermann"]
[Black "Weidenhoefer, Robert"]
[Result "1-0"]
[WhiteElo "1915"]
[BlackElo "1771"]
[PlyCount "119"]
[EventDate "2014.10.03"]
[EventType "swiss"]
[EventRounds "5"]
[EventCountry "GER"]
[SourceTitle "EXT 2019"]
[Source "ChessBase"]
[SourceDate "2018.10.10"]
[SourceVersion "1"]
[SourceVersionDate "2018.10.10"]
[SourceQuality "1"]

1. d4 b6 2. Nf3 Bb7 3. g3 e6 4. Bg2 Nf6 5. 0-0 c5 6. Bg5 d5 7. c4 dxc4 8. Qa4+ Bc6 9. Qxc4 Be7 10. Nc3 0-0 11. Rfd1 Nd5 12. Bxe7 Qxe7 13. Ne5 Bb7 14. Nxd5 exd5 15. Bxd5 Bxd5 16. Qxd5 Na6 17. e4 Nb4 18. Qc4 Rac8 19. Rac1 a6 20. dxc5 Qxe5 21. Qxb4 bxc5 22. Qb7 Rb8 23. Qxa6 Rxb2 24. Qc4 Rb4 25. Qxc5 Qxc5 26. Rxc5 Rxe4 27. Ra5 Re2 28. Ra7 g6 29. Rdd7 Kg7 30. Kg2 Re5 31. g4 h5 32. h3 hxg4 33. hxg4 Rc5 34. a4 Rc4 35. Kg3 Rc3+ 36. f3 g5 37. Rdb7 Rc4 38. Rb5 Kg6 39. a5 f6 40. Rbb7 Rg8 41. Rh7 Ra4 42. a6 Rxa6 43. Rxa6 Kxh7 44. Rxf6 Rg6 45. Rf5 Kh6 46. Re5 Rf6 47. Re4 Kg6 48. Rd4 Rf7 49. Kf2 Rf6 50. Ke3 Re6+ 51. Re4 Rf6 52. Re5 Kh6 53. Rf5 Kg6 54. Rxf6+ Kxf6 55. Kd4 Ke6 56. Ke4 Kf6 57. Kd5 Kf7 58. Ke5 Kg6 59. Ke6 Kg7 60. Kf5 1-0

[Event "Mittelfranken-ch QT"]
[Site "Mittelfranken"]
[Date "2014.04.18"]
[Round "7.11"]
[White "Weidenhoefer, Robert"]
[Black "Stohl, Tristan"]
[Result "1-0"]
[WhiteElo "1696"]
[BlackElo "1355"]
[PlyCount "105"]
[EventDate "2014.04.16"]
[EventType "swiss"]
[EventRounds "7"]
[EventCountry "GER"]
[SourceTitle "EXT 2022"]
[Source "ChessBase"]
[SourceDate "2021.10.06"]
[SourceVersion "1"]
[SourceVersionDate "2021.10.06"]
[SourceQuality "1"]

1. b3 c5 2. Bb2 Nc6 3. e3 d6 4. f4 e6 5. g4 Qh4+ 6. Ke2 Qxg4+ 7. Nf3 e5 8. Rg1 Qe6 9. fxe5 dxe5 10. Ng5 Qh6 11. Qe1 Qxh2+ 12. Qf2 Qxf2+ 13. Kxf2 g6 14. Bg2 f6 15. Bxc6+ bxc6 16. Nf3 Bd6 17. Nc3 Ne7 18. Ne4 Bc7 19. Nxf6+ Kd8 20. Ke2 Ba6+ 21. c4 Rf8 22. Nxh7 Rf5 23. Nhg5 Kd7 24. Ne4 Bd6 25. Raf1 Raf8 26. Ba3 Kc7 27. Bxc5 Bxc5 28. Nxc5 Bc8 29. Ne4 Bb7 30. c5 Rd8 31. Nd6 Ba6+ 32. d3 Rff8 33. Nxe5 Nd5 34. Kd2 Nb4 35. a3 Nd5 36. Nxg6 Rh8 37. Rf7+ Kb8 38. Nxh8 Rxh8 39. Rg2 Nxe3 40. Kxe3 Rh3+ 41. Rf3 Rxf3+ 42. Kxf3 Kc7 43. Rg7+ Kd8 44. Ke4 Bxd3+ 45. Kxd3 a5 46. Nb7+ Kc8 47. Nxa5 Kb8 48. Ke4 Ka8 49. Ke5 Kb8 50. Kd6 Ka8 51. Kxc6 Kb8 52. b4 Ka8 53. Kb6 1-0

[Event "Mittelfranken-ch QT"]
[Site "Mittelfranken"]
[Date "2014.04.16"]
[Round "1.7"]
[White "Weidenhoefer, Robert"]
[Black "Luther, Helmut"]
[Result "1/2-1/2"]
[WhiteElo "1696"]
[BlackElo "1999"]
[PlyCount "87"]
[EventDate "2014.04.16"]
[EventType "swiss"]
[EventRounds "7"]
[EventCountry "GER"]
[SourceTitle "EXT 2022"]
[Source "ChessBase"]
[SourceDate "2021.10.06"]
[SourceVersion "1"]
[SourceVersionDate "2021.10.06"]
[SourceQuality "1"]

1. b3 e5 2. Bb2 d6 3. e3 Nc6 4. c4 f5 5. d4 Nf6 6. d5 Ne7 7. Nc3 Ng6 8. Be2 Be7 9. Bh5 Nxh5 10. Qxh5 Bd7 11. Nh3 a6 12. 0-0 0-0 13. f4 Be8 14. Ng5 h6 15. Ne6 Nxf4 16. Nxd8 Nxh5 17. Nxb7 Rb8 18. Na5 Bg5 19. Rae1 Bd8 20. Nc6 Bxc6 21. dxc6 Rb6 22. Rf3 Rxc6 23. Ref1 g6 24. g4 Ng7 25. gxf5 Rxf5 26. e4 Rxf3 27. Rxf3 Nh5 28. Nd5 a5 29. a4 Kg7 30. Bc1 Ra6 31. Bb2 c6 32. Ne3 Nf6 33. c5 Bc7 34. Nc4 Nxe4 35. cxd6 Bd8 36. Bxe5+ Bf6 37. d7 Ra8 38. Bc7 Bd8 39. Bxa5 Nc5 40. Bc3+ Kg8 41. Ne5 Bb6 42. Bd4 Nxd7 43. Bxb6 Nxe5 44. Re3 1/2-1/2

[Event "Nuremberg Zabo op 15th"]
[Site "Nuremberg"]
[Date "2013.09.22"]
[Round "4"]
[White "Weidenhoefer, Robert"]
[Black "Faralisz, Patrick"]
[Result "1-0"]
[WhiteElo "1519"]
[BlackElo "1136"]
[PlyCount "79"]
[EventDate "2013.09.20"]
[EventType "swiss"]
[EventRounds "5"]
[EventCountry "GER"]
[SourceTitle "EXT 2016"]
[Source "ChessBase"]
[SourceDate "2015.10.08"]
[SourceVersion "1"]
[SourceVersionDate "2015.10.08"]
[SourceQuality "1"]

1. b3 e5 2. Bb2 Nc6 3. e3 Nf6 4. c4 Be7 5. g3 d6 6. Bg2 Be6 7. Ne2 Qd7 8. 0-0 0-0-0 9. d4 Bh3 10. d5 Nb8 11. Nbc3 a6 12. a4 h5 13. a5 h4 14. f3 hxg3 15. hxg3 Bxg2 16. Kxg2 Qh3+ 17. Kf2 Qh2+ 18. Ke1 Qg2 19. Kd2 Rh3 20. Kd3 Nbd7 21. b4 Nh5 22. Rh1 Nxg3 23. Rxh3 Qxh3 24. Nxg3 Qxg3 25. Qh1 Qg6+ 26. e4 Bg5 27. Rg1 Qh6 28. Qg2 Bf6 29. Bc1 Qh8 30. Rh1 Qg8 31. Qf2 Kb8 32. Be3 Re8 33. b5 Be7 34. bxa6 Nc5+ 35. Bxc5 dxc5 36. axb7 Kxb7 37. Qb2+ Ka7 38. Nb5+ Ka6 39. Nxc7+ Ka7 40. Qb6# 1-0

[Event "Arber op 2nd"]
[Site "Bayerisch Eisenstein"]
[Date "2013.07.02"]
[Round "4"]
[White "Weidenhoefer, Robert"]
[Black "Weiland, Thomas"]
[Result "0-1"]
[WhiteElo "1746"]
[BlackElo "2015"]
[PlyCount "88"]
[EventDate "2013.06.29"]
[EventType "swiss"]
[EventRounds "9"]
[EventCountry "GER"]
[SourceTitle "CBM 155 Extra"]
[Source "ChessBase"]
[SourceDate "2013.08.26"]
[SourceVersion "1"]
[SourceVersionDate "2013.08.26"]
[SourceQuality "1"]

1. b3 e5 2. Bb2 Nc6 3. e3 Nf6 4. Bb5 d6 5. Bxc6+ bxc6 6. Ne2 Bg4 7. f3 Be6 8. 0-0 c5 9. c4 Be7 10. f4 exf4 11. Nxf4 Bg4 12. Qe1 0-0 13. Nc3 c6 14. Qg3 Bf5 15. d3 Bg6 16. e4 Nd7 17. Nce2 Bh4 18. Qh3 Bf6 19. Bxf6 Nxf6 20. Nxg6 fxg6 21. Rf2 Qe7 22. Nf4 Qe5 23. Raf1 Rfe8 24. g4 g5 25. Nh5 Nxh5 26. Qxh5 Rf8 27. Qh3 Qd4 28. Kg2 Rxf2+ 29. Rxf2 Rf8 30. Rxf8+ Kxf8 31. Qf3+ Qf6 32. h3 Ke7 33. Qxf6+ Kxf6 34. Kf3 Ke5 35. Ke3 g6 36. b4 cxb4 37. d4+ Ke6 38. Kd3 a5 39. Kc2 a4 40. Kb2 c5 41. a3 b3 42. dxc5 dxc5 43. Kc3 Ke5 44. Kd3 h6 0-1

[Event "Mittelfranken Mitte-ch 0910"]
[Site "Zirndorf"]
[Date "2010.01.09"]
[Round "6"]
[White "Corral, Carlos"]
[Black "Weidenhoefer, Robert"]
[Result "1-0"]
[WhiteElo "2011"]
[BlackElo "1494"]
[PlyCount "69"]
[EventDate "2010.01.03"]
[EventType "swiss"]
[EventRounds "7"]
[EventCountry "GER"]
[SourceTitle "EXT 2015"]
[Source "ChessBase"]
[SourceDate "2014.11.20"]
[SourceVersion "1"]
[SourceVersionDate "2014.11.20"]
[SourceQuality "1"]

1. e4 e5 2. Nf3 Nc6 3. Bc4 Bc5 4. c3 d6 5. d4 exd4 6. cxd4 Bb4+ 7. Nc3 Bg4 8. d5 Ne5 9. Qa4+ c6 10. Qxb4 Bxf3 11. gxf3 Nxf3+ 12. Kd1 Rb8 13. Bf4 b5 14. Be2 c5 15. Bxb5+ Kf8 16. Qa3 Nd4 17. Bd3 Qd7 18. Ne2 Nxe2 19. Bxe2 Nf6 20. Bf3 Rb6 21. Re1 Ng4 22. Bg3 f6 23. Bxg4 Qxg4+ 24. f3 Qd7 25. Re3 Kf7 26. Rb3 Rd8 27. Rxb6 axb6 28. Kd2 b5 29. Qa6 g5 30. a4 b4 31. a5 f5 32. Qd3 f4 33. Bf2 Qc7 34. e5 dxe5 35. Qxh7+ 1-0

[Event "Mittelfranken Mitte-ch 0910"]
[Site "Zirndorf"]
[Date "2010.01.03"]
[Round "1"]
[White "Weidenhoefer, Robert"]
[Black "Werner, Thomas1111"]
[Result "1/2-1/2"]
[WhiteElo "1494"]
[BlackElo "2015"]
[PlyCount "85"]
[EventDate "2010.01.03"]
[EventType "swiss"]
[EventRounds "7"]
[EventCountry "GER"]
[SourceTitle "EXT 2015"]
[Source "ChessBase"]
[SourceDate "2014.11.20"]
[SourceVersion "1"]
[SourceVersionDate "2014.11.20"]
[SourceQuality "1"]

1. e4 c6 2. f4 d5 3. Nc3 Nf6 4. e5 Bg4 5. Nf3 Ne4 6. Be2 Nxc3 7. bxc3 e6 8. 0-0 Qb6+ 9. d4 c5 10. Be3 c4 11. Nh4 Bxe2 12. Qxe2 g6 13. Rf2 Be7 14. Nf3 Nc6 15. Rff1 Qa5 16. Qd2 0-0-0 17. Rfb1 Rdg8 18. a4 a6 19. Rb2 Qd8 20. Qe1 h6 21. h3 g5 22. fxg5 hxg5 23. Nh2 f5 24. exf6 Bxf6 25. Ng4 Be7 26. Rab1 Na5 27. Rb6 Bd6 28. Bf2 Qe7 29. Bg3 Rd8 30. Ne5 Rhe8 31. Ng6 Qc7 32. Bxd6 Rxd6 33. R6b2 Rg8 34. Ne5 Rg7 35. Qf2 Qe7 36. Rf1 Nc6 37. Qf8+ Rd8 38. Qxe7 Nxe7 39. Rf6 Rd6 40. Nf7 Rc6 41. Ne5 Rd6 42. Nf7 Rd7 43. Ne5 1/2-1/2

[Event "Mittelfranken Mitte-ch 0607"]
[Site "Zirndorf"]
[Date "2007.01.21"]
[Round "7"]
[White "Weidenhoefer, Robert"]
[Black "Thuerauf, Peter"]
[Result "1/2-1/2"]
[WhiteElo "1455"]
[BlackElo "1834"]
[PlyCount "156"]
[EventDate "2007.01.05"]
[EventType "swiss"]
[EventRounds "7"]
[EventCountry "GER"]
[SourceTitle "EXT 2015"]
[Source "ChessBase"]
[SourceDate "2014.11.20"]
[SourceVersion "1"]
[SourceVersionDate "2014.11.20"]
[SourceQuality "1"]

1. e4 c5 2. f4 e6 3. Nf3 d5 4. e5 Be7 5. Be2 Nh6 6. d3 Nc6 7. 0-0 0-0 8. c4 Nf5 9. Nc3 a6 10. Ng5 Bxg5 11. fxg5 dxc4 12. dxc4 Nxe5 13. b3 Ng6 14. Qe1 Qd4+ 15. Kh1 Bd7 16. Bf3 Rab8 17. Bb2 Qe3 18. Rd1 Rfd8 19. Bc1 Qxe1 20. Rfxe1 Nd4 21. Be4 Bc6 22. Rd2 Bxe4 23. Nxe4 b6 24. Red1 e5 25. g3 Nf8 26. Nf2 Nfe6 27. h4 Nf5 28. Kh2 Rxd2 29. Rxd2 Ned4 30. Kh3 Nd6 31. Ng4 Re8 32. Rd1 N6f5 33. Kg2 Kf8 34. Re1 e4 35. Bf4 Nf3 36. Rf1 N5d4 37. Kf2 Ke7 38. Ke3 Kd8 39. Rc1 Kc8 40. h5 Rd8 41. Kxe4 Re8+ 42. Kd3 Ne1+ 43. Kd2 Ndf3+ 44. Kc3 Re2 45. Be3 Rxa2 46. Bf4 b5 47. cxb5 axb5 48. b4 c4 49. Ne5 Ra3+ 50. Kb2 Rb3+ 51. Ka2 Rxb4 52. Nxf7 Nd3 53. Rc2 Nd4 54. Rd2 Nc1+ 55. Ka1 Ncb3+ 56. Ka2 Nxd2 57. Bxd2 Ra4+ 58. Kb2 Ra6 59. Bc3 Ne6 60. g4 Kd7 61. Ne5+ Kd6 62. g6 hxg6 63. Nxg6 Ra7 64. Bd2 Kd5 65. Kc3 Ke4 66. Kb4 Ra2 67. Bc3 Rc2 68. Bxg7 Nxg7 69. h6 Ne6 70. h7 Rh2 71. h8Q Rxh8 72. Nxh8 Kd3 73. Nf7 c3 74. Ne5+ Kd2 75. Nf3+ Kd3 76. Ne1+ Ke2 77. Nc2 Kd2 78. Na3 Ng5 1/2-1/2

[Event "Mittelfranken Mitte-ch 0607"]
[Site "Zirndorf"]
[Date "2007.01.07"]
[Round "5"]
[White "Weidenhoefer, Robert"]
[Black "Muenzenberg, Dietrich"]
[Result "1-0"]
[WhiteElo "1455"]
[BlackElo "1667"]
[PlyCount "49"]
[EventDate "2007.01.05"]
[EventType "swiss"]
[EventRounds "7"]
[EventCountry "GER"]
[SourceTitle "EXT 2015"]
[Source "ChessBase"]
[SourceDate "2014.11.20"]
[SourceVersion "1"]
[SourceVersionDate "2014.11.20"]
[SourceQuality "1"]

1. e4 c6 2. f4 d6 3. Nf3 Bg4 4. Be2 Nd7 5. 0-0 f6 6. f5 Qb6+ 7. Kh1 0-0-0 8. c4 e5 9. a4 d5 10. cxd5 cxd5 11. d3 d4 12. Bd2 Bb4 13. b3 Kb8 14. a5 Qd6 15. Ra4 Bxd2 16. Nbxd2 Ne7 17. Nc4 Qc7 18. b4 Ka8 19. Qa1 h5 20. Rc1 Qb8 21. Nb6+ Nxb6 22. axb6 a6 23. Rxa6+ bxa6 24. Qxa6+ Qa7 25. Qxa7# 1-0

[Event "Mittelfranken-ch QT 55th"]
[Site "Postbauer"]
[Date "2006.04.13"]
[Round "4"]
[White "Mueller, Ludwig"]
[Black "Weidenhoefer, Robert"]
[Result "1-0"]
[WhiteElo "1665"]
[BlackElo "1392"]
[PlyCount "111"]
[EventDate "2006.04.12"]
[EventType "swiss"]
[EventRounds "7"]
[EventCountry "GER"]
[SourceTitle "EXT 2015"]
[Source "ChessBase"]
[SourceDate "2014.11.20"]
[SourceVersion "1"]
[SourceVersionDate "2014.11.20"]
[SourceQuality "1"]

1. e4 c5 2. Nc3 Nc6 3. f4 g6 4. Nf3 Bg7 5. Bb5 Nf6 6. e5 Nh5 7. d4 Nxd4 8. Nxd4 cxd4 9. Qxd4 a6 10. Be2 f6 11. g4 fxe5 12. fxe5 Nf6 13. exf6 Bxf6 14. Qf2 0-0 15. 0-0 Bg7 16. Qg3 Rxf1+ 17. Bxf1 Qb6+ 18. Kh1 e6 19. b3 d5 20. Bb2 Bd7 21. Bg2 Rc8 22. Qd3 d4 23. Ne4 e5 24. c4 Bxg4 25. Rf1 Bf5 26. Bh3 Rf8 27. Bxf5 gxf5 28. Ng3 e4 29. Qd2 e3 30. Qd3 f4 31. Ne2 Qc6+ 32. Kg1 Qg6+ 33. Qxg6 hxg6 34. Bxd4 f3 35. Bxg7 Kxg7 36. Nd4 e2 37. Nxe2 fxe2 38. Re1 Re8 39. Kf2 Re5 40. Rxe2 Rf5+ 41. Kg3 Rg5+ 42. Kf4 Rf5+ 43. Kg4 Kh6 44. h4 b5 45. Rc2 Rc5 46. a3 a5 47. b4 axb4 48. axb4 Rxc4+ 49. Rxc4 bxc4 50. Kf4 c3 51. Ke3 g5 52. hxg5+ Kxg5 53. b5 Kf6 54. b6 c2 55. Kd2 Ke6 56. b7 1-0

[Event "Mittelfranken-ch QT 55th"]
[Site "Postbauer"]
[Date "2006.04.13"]
[Round "3"]
[White "Weidenhoefer, Robert"]
[Black "Balhar, Michael"]
[Result "1/2-1/2"]
[WhiteElo "1392"]
[BlackElo "1632"]
[PlyCount "36"]
[EventDate "2006.04.12"]
[EventType "swiss"]
[EventRounds "7"]
[EventCountry "GER"]
[SourceTitle "EXT 2015"]
[Source "ChessBase"]
[SourceDate "2014.11.20"]
[SourceVersion "1"]
[SourceVersionDate "2014.11.20"]
[SourceQuality "1"]

1. e4 c5 2. f4 e6 3. Nf3 d5 4. exd5 exd5 5. Bb5+ Bd7 6. Bxd7+ Qxd7 7. 0-0 Nf6 8. b3 Be7 9. Bb2 0-0 10. Ne5 Qd6 11. d3 d4 12. Nd2 b5 13. a4 b4 14. Ndc4 Qc7 15. Qf3 Nbd7 16. Rae1 Nb6 17. Bc1 Nfd5 18. Qg3 f6 1/2-1/2

[Event "Mittelfranken-ch QT 55th"]
[Site "Postbauer"]
[Date "2006.04.12"]
[Round "1"]
[White "Weidenhoefer, Robert"]
[Black "Schanz, Karlheinz"]
[Result "0-1"]
[WhiteElo "1392"]
[BlackElo "1818"]
[PlyCount "72"]
[EventDate "2006.04.12"]
[EventType "swiss"]
[EventRounds "7"]
[EventCountry "GER"]
[SourceTitle "EXT 2015"]
[Source "ChessBase"]
[SourceDate "2014.11.20"]
[SourceVersion "1"]
[SourceVersionDate "2014.11.20"]
[SourceQuality "1"]

1. e4 e6 2. d4 d5 3. exd5 exd5 4. Nf3 Nf6 5. Be2 Bd6 6. 0-0 0-0 7. Bg5 Nbd7 8. c3 c6 9. Nbd2 Qc7 10. h3 h6 11. Be3 Ne4 12. Bd3 Ndf6 13. Qc2 Re8 14. Rae1 Bd7 15. b3 Rad8 16. c4 Qb8 17. c5 Bc7 18. b4 Re7 19. a4 Rde8 20. b5 Qd8 21. Nh4 Qc8 22. Nxe4 dxe4 23. Bc4 Bxh3 24. f4 Be6 25. Be2 Bg4 26. Bc4 Bh5 27. g3 Qh3 28. Qh2 Qxh2+ 29. Kxh2 Ng4+ 30. Kh3 Kh7 31. Nf5 Rd7 32. Kh4 Nf6 33. Kh3 Bg4+ 34. Kh2 Bxf5 35. bxc6 bxc6 36. Rb1 Ng4+ 0-1

[Event "Mittelfranken Mitte-ch 0506"]
[Site "Zirndorf"]
[Date "2006.01.06"]
[Round "1"]
[White "Weidenhoefer, Robert"]
[Black "Luther, Helmut"]
[Result "0-1"]
[WhiteElo "1424"]
[BlackElo "1912"]
[PlyCount "88"]
[EventDate "2006.01.06"]
[EventType "swiss"]
[EventRounds "7"]
[EventCountry "GER"]
[SourceTitle "EXT 2015"]
[Source "ChessBase"]
[SourceDate "2014.11.20"]
[SourceVersion "1"]
[SourceVersionDate "2014.11.20"]
[SourceQuality "1"]

1. e4 d5 2. exd5 Qxd5 3. Nc3 Qa5 4. Nf3 c6 5. d3 Nf6 6. Bd2 Qc7 7. g3 Bg4 8. Bg2 Nbd7 9. Qe2 0-0-0 10. 0-0 h5 11. h3 Bxf3 12. Bxf3 h4 13. g4 e6 14. Ne4 Nxe4 15. Bxe4 Nf6 16. Bg2 Bd6 17. b4 Nd5 18. Bxd5 exd5 19. d4 Rde8 20. Qf3 Ref8 21. Qg2 f5 22. f3 Bf4 23. c3 Bxd2 24. Qxd2 fxg4 25. fxg4 Qg3+ 26. Qg2 Qxc3 27. b5 Qxd4+ 28. Kh1 Rxf1+ 29. Qxf1 Qe4+ 30. Kh2 Re8 31. bxc6 Qe2+ 32. Kh1 Qxf1+ 33. Rxf1 bxc6 34. Rf7 g5 35. Rxa7 d4 36. Kg1 c5 37. Rg7 d3 38. Rxg5 d2 39. Rxc5+ Kb7 40. Rd5 Re1+ 41. Kf2 d1Q 42. Rxd1 Rxd1 43. a4 Rd3 44. Kg2 Rg3+ 0-1

[Event "Nuremberg Zabo op 04th"]
[Site "Nuremberg"]
[Date "2002.09.28"]
[Round "3"]
[White "Weidenhoefer, Robert"]
[Black "Klein, Markus"]
[Result "0-1"]
[WhiteElo "1380"]
[BlackElo "1546"]
[PlyCount "60"]
[EventDate "2002.09.27"]
[EventType "swiss"]
[EventRounds "5"]
[EventCountry "GER"]
[SourceTitle "EXT 2003"]
[Source "ChessBase"]
[SourceDate "2002.11.25"]
[SourceVersion "1"]
[SourceVersionDate "2002.11.25"]
[SourceQuality "1"]

1. e4 c5 2. Nf3 d6 3. Bc4 e6 4. d3 a6 5. a3 Qc7 6. 0-0 Nf6 7. Bf4 b5 8. Ba2 Bb7 9. e5 Nh5 10. exd6 Bxd6 11. Bxd6 Qxd6 12. Nbd2 Nc6 13. Ne4 Qe7 14. Nfg5 Nf6 15. Nxf6+ Qxf6 16. Ne4 Qe7 17. Qh5 h6 18. Qxc5 Rd8 19. Rad1 Qd7 20. Qb6 Nd4 21. Rd2 Bxe4 22. Qxa6 Bb7 23. Qb6 Qc6 24. Qxc6+ Bxc6 25. c3 Nf5 26. Rc2 Rxd3 27. c4 Nd4 28. Rcc1 Ne2+ 29. Kh1 Nxc1 30. Rxc1 0-0 0-1

[Event "Nuremberg Zabo op 04th"]
[Site "Nuremberg"]
[Date "2002.09.27"]
[Round "1"]
[White "Weidenhoefer, Robert"]
[Black "Niedermaier, Barbara"]
[Result "0-1"]
[WhiteElo "1380"]
[BlackElo "1846"]
[PlyCount "112"]
[EventDate "2002.09.27"]
[EventType "swiss"]
[EventRounds "5"]
[EventCountry "GER"]
[SourceTitle "EXT 2003"]
[Source "ChessBase"]
[SourceDate "2002.11.25"]
[SourceVersion "1"]
[SourceVersionDate "2002.11.25"]
[SourceQuality "1"]

1. e4 e6 2. d4 d5 3. e5 c5 4. Nf3 Bd7 5. Be2 Nc6 6. c3 Qb6 7. b3 cxd4 8. cxd4 Bb4+ 9. Bd2 Nxd4 10. Bxb4 Qxb4+ 11. Nbd2 Nxe2 12. Qxe2 Bb5 13. Qe3 Rc8 14. a3 Qa5 15. b4 Qc7 16. Rd1 Nh6 17. Nd4 Ba4 18. N2b3 Ng4 19. Qg3 Qxe5+ 20. Qxe5 Nxe5 21. 0-0 Rc3 22. Rc1 Rc4 23. Nc5 Rxd4 24. Nxa4 Nc4 25. Nb2 0-0 26. Nxc4 Rxc4 27. g3 Rfc8 28. Ra1 h5 29. Kg2 Rc2 30. b5 Rb2 31. Rfb1 Rcc2 32. Rxb2 Rxb2 33. a4 Rb4 34. Ra2 Kf8 35. f3 Ke7 36. Kf2 Kd6 37. Ke2 Kc5 38. h3 Rc4 39. Kd3 Kb4 40. g4 hxg4 41. fxg4 Rc3+ 42. Kd4 Rxh3 43. Rf2 f6 44. Re2 Rg3 45. Rxe6 Rxg4+ 46. Kxd5 Kxa4 47. b6 axb6 48. Rxb6 Rb4 49. Re6 b5 50. Ra6+ Kb3 51. Ra7 Rg4 52. Rb7 b4 53. Kc5 Kc3 54. Kd5 b3 55. Rc7+ Kd2 56. Rb7 Kc2 0-1